LEADER 01264nam a2200289 i 4500 001 000000108365 003 CaOOAMICUS 005 20101112000000.0 008 101112s1999 it u000 u ita u 013 $a81011 040 $aSeMil$bita 100 1 $aFalasca, Stefania.$0(OLS)http://semarc/name/45498 245 10$aO Roma felix :$bluoghi della memoria cristiana a Roma /$cStefania Falasca, Giovanni Ricciardi. 250 $a2. ed. 260 $aRoma :$bTrenta Giorni Società Cooperativa,$c1999. 300 $a165 p. ;$c23 cm. 490 0 $aI libri di 30GIORNI 650 4$aRoma - Chiese.$0(OLS)http://semarc/subject/19100 650 4$aRoma - Arte cristiana.$0(OLS)http://semarc/subject/2809 650 4$aRoma - Monumenti antichi.$0(OLS)http://semarc/subject/19101 700 1 $aRicciardi, Giovanni.$0(OLS)http://semarc/name/45499 830 2$aI libri di 30 giorni.$0(OLS)http://semarc/title/21858 850 $aSeMil 852 $aSeMil$W1$xVenegono$y1$m3P IV 337$j64461$B64461$CSeMilBibl$Z2$F157737 $81 961 $aLascito: Calcaterra don Carlo 996 $6245$aO Roma felix :$bluoghi della memoria cristiana a Roma$9(OLS)http://semarc/title/157129 996 $6260$aRoma :$bTrenta Giorni Società Cooperativa$9(OLS)http://semarc/publisher/32101 LEADER 01323nam a2200301 i 4500 001 000000109777 003 CaOOAMICUS 005 20040527000000.0 008 040527s2002 it u000 u ita u 013 $a82458 020 $a88-343-0744-5 040 $aSeMil$bita 245 10$aGuerra e diritto nel mondo greco e romano /$cMarta Sordi. 260 $aMilano :$bVita e Pensiero,$c2002. 300 $aVIII, 381 p. ;$c22 cm. 490 0 $aScienze storiche ;$v80 490 0 $aContributi dell'Istituto di storia antica ;$vVolume28. 650 4$aGuerra - Diritto romano.$0(OLS)http://semarc/subject/19456 650 4$aGuerra - Diritto - Storia.$0(OLS)http://semarc/subject/19457 700 1 $aSordi, Marta,$d<1925-2009>.$0(OLS)http://semarc/name/7587 830 0$aScienze storiche ;$v80.$0(OLS)http://semarc/title/9338 830 0$aContributi dell'Istituto di storia antica ;$vVolume28.$0(OLS)http://semarc/title/10469 850 $aSeMil 852 $aSeMil$W1$xVenegono$y1$m3S III 106$j65720$B65720$CSeMilBibl$Z2$F83349 $81 961 $aOmaggio: Colasanto Prof. Michele 996 $6020$a88-343-0744-5$9(OLS)http://semarc/number/91261 996 $6245$aGuerra e diritto nel mondo greco e romano$9(OLS)http://semarc/title/159419 996 $6260$aMilano :$bVita e Pensiero$9(OLS)http://semarc/publisher/29642